000 00480nam a2200181 a 4500
001 11360
003 CO-ViMGA
008 141112s2004 ck r 000 u spa d
040 _aCO-ViMGA
_bspa
_cCO-ViMGA
082 0 4 _aR912.014 A79c
100 1 _aAtwood, Beth S
_915856
245 1 0 _aCómo explicar los mapas
260 _aBarcelona :
_bCeac,
_c1983
300 _a106 p : il
590 _aDatos de inventario : 05604
650 1 4 _aMAPAS - INTERPRETACION
_915857
942 _2ddc
_cBK
999 _c22561
_d22561